| 000 | 00756nam a22001937a 4500 | ||
|---|---|---|---|
| 003 | OSt | ||
| 005 | 20240905141003.0 | ||
| 008 | 240905b ||||| |||| 00| 0 eng d | ||
| 040 | _cAIMIT LIBRARY | ||
| 100 |
_aJames, Rohan M. _e2216163 _9178827 |
||
| 245 |
_aMeaning work : _bdeterminants and its impact on organisational commitment a study with special reference to Thejaswini co-operative hospital Kasaragod / _cBy Rohan M James ; Guided by Justin P James. |
||
| 260 |
_aKerala ; _c2024. |
||
| 650 |
_aResearch objective _9178828 |
||
| 650 |
_vData source _9178829 |
||
| 650 |
_aSampling design _9178830 |
||
| 700 |
_aJames, Justin P. _eGuide _9178831 |
||
| 856 | _3Thejaswini Co-operative Hospital and Medical Research Centre Ltd. | ||
| 942 |
_2ddc _cPRO |
||
| 999 |
_c231759 _d231759 |
||